Novel Openings by Word Cloud Quiz Stats

Quiz Updated Nov 9, 2015

Also try: Word Cloud Titles
Challenge
Share
Tweet
Score 0/18 Timer 10:00
9 Plays Today
% Correct
'Wuthering Heights' by Emily Brontë
84.9%
'Little Women' by Louisa May Alcott
84.8%
'Pride & Prejudice' by Jane Austen
79.5%
'To Kill A Mockingbird' by Harper Lee
78.9%
'Robinson Crusoe' by Daniel Defoe
78.4%
'The Lion, The Witch & The Wardrobe' by C S Lewis
71.4%
'Nineteen Eighty-Four' by George Orwell
61%
'To The Lighthouse' by Virginia Woolf
36%
'Moby Dick' by Herman Melville
33.6%
% Correct
'Dracula' by Bram Stoker
28.8%
'Ulysses' by James Joyce
25.7%
'War Of The Worlds' by H G Wells
18.8%
'The Catcher In The Rye' by J D Salinger
18.3%
'Jane Eyre' by Charlotte Brontë
16.5%
'The Picture of Dorian Gray' by Oscar Wilde
10.4%
'Bleak House' by Charles Dickens
9.2%
'Tess of the d'Urbervilles' by Thomas Hardy
8.4%
'A Room With A View' by E M Forster
7.6%

You're not logged in!

Compare scores with friends on all Sporcle quizzes.
Join for Free
OR
Log In

You Might Also Like...

Show Comments

Extras

Top Quizzes Today


Score Distribution

Your Account Isn't Verified!

In order to create a playlist on Sporcle, you need to verify the email address you used during registration. Go to your Sporcle Settings to finish the process.

Report this User

Report this user for behavior that violates our Community Guidelines.

Details: